000 00340nam a2200133Ia 4500
008 240624s9999 xx 000 0 und d
041 _aeng
082 _a337 SAW
100 _aSAWYER W CHARLES
245 _aINTERNATIONAL ECONOMICS
260 _c2004
_aNew Delhi
_bPrentice-Hall of India
300 _axix, : 444 : p. : cm ; 26
365 _cRS
999 _c3427
_d3427